| 000 | 00471nam a2200193Ia 4500 | ||
|---|---|---|---|
| 008 | 210210b2008 xxu||||| |||| 00| 0 eng d | ||
| 020 | _a9788120325975 | ||
| 041 | _aeng | ||
| 082 | _a539 ARUM | ||
| 100 | _aARULDHAS (G) | ||
| 245 | _aModern physics | ||
| 260 |
_aNew Delhi _bPrentice-Hall of India Private Limited _c2008 |
||
| 300 | _axvi,440 | ||
| 650 | _aphysics | ||
| 650 | _aModern | ||
| 690 | _aModern Physics | ||
| 700 | _aRAJAGOPAL (P) | ||
| 906 | _a064794 | ||
| 999 |
_c141748 _d141748 |
||